000 00842nam0a22002531 4500
001 RU\NLR\A1SV\158454
005 20251203171251.9
035 _a(NLR Aleph) 012838375
090 _a12387249
_c12387249
100 _a20220627d1919 u y0rusy50 ca
101 0 _arus
102 _aRU
200 1 _aV-й Ачинский уездный съезд учащих
_e[27 мая - 4 июня 1919 г.]
_eОбщие сведения, постановления и резолюции
_fАчин. уезд. союз учащих
210 _aАчинск
_d1919
215 _a16 с. включ. обл.
_d21 см
620 _dАчинск
710 1 2 _aАчинский уезд. съезд учащих
_d5
_f1919
801 0 _aRU
_bNLR
_c20220627
899 _aРГБ
899 _aРГБ
942 _cBOOK
980 _aNB
980 _aA1SV